County map of the states of Arkansas, Mississippi and Louisiana

Saved in:
Bibliographic Details
Main Author: Mitchell, S. Augustus 1792-1868.
Corporate Authors: David Rumsey Collection., Cartography Associates.
Other Authors: Gamble, W. H.
Format: Electronic
Language:English
Published: [1880].
Series:David Rumsey Collection digital maps
Subjects:
Tags: Add Tag
No Tags, Be the first to tag this record!
LEADER 01645nea a2200373Ka 4500
001 012024921-9
005 20090630193809.0
008 060601t18801879paud a s 0 eng d
034 1 |a a  |b 2000000  |d W0943700  |e W0880700  |f N0363000  |g N0285500 
035 0 |a ocm69669464 
040 |a CUY  |c CUY 
052 |a 3980 
052 |a 4000 
052 |a 4010 
100 1 |a Mitchell, S. Augustus  |q (Samuel Augustus),  |d 1792-1868. 
245 1 0 |a County map of the states of Arkansas, Mississippi and Louisiana  |h [electronic resource] /  |c drawn and engraved by W.H. Gamble, Philadelphia. 
255 |a Scale [ca. 1:2,000,000]  |c (W 94⁰37ʹ--W 88⁰07ʹ/N 36⁰30ʹ--N 28⁰55ʹ). 
260 |c [1880]. 
500 |a Relief shown by hachures. 
500 |a Shows settlements, railroads, etc. 
500 |a Prime meridians: Greenwich and Washington. 
500 |a "Entered according to Act of Congress in the year 1879 by S. Augustus Mitchell in the office of the Librarian of Congress at Washington." 
500 |a Scanned raster image of original: 1 map : hand col. ; 49 x 31 cm. 
500 |a Original in the David Rumsey Collection; scanned by Cartography Associates. 
651 0 |a Arkansas  |v Maps. 
651 0 |a Mississippi  |v Maps. 
651 0 |a Louisiana  |v Maps. 
700 1 |a Gamble, W. H.  |q (William H.) 
710 2 |a David Rumsey Collection. 
710 2 |a Cartography Associates. 
773 0 |a Mitchell, S. Augustus (Samuel Augustus), 1792-1868.  |t Mitchell's new general atlas.  |d Philadelphia : S. Augustus Mitchell, 1880, c1879.  |g p. 60-61.  |w (OCoLC)69371482 
830 0 |a David Rumsey Collection digital maps  |5 net 
988 |a 20090630 
906 |0 OCLC